Practical handbook of ground-water monitoring

Αποθηκεύτηκε σε:
Λεπτομέρειες βιβλιογραφικής εγγραφής
Άλλοι συγγραφείς: Nielsen, David M. (Επιμελητής έκδοσης)
Μορφή: Βιβλίο
Γλώσσα:English
Δημοσίευση: Chelsea : Lewis , c1991
Θέματα:
Ετικέτες: Προσθήκη ετικέτας
Δεν υπάρχουν, Καταχωρήστε ετικέτα πρώτοι!

MARC

LEADER 00000nam a2200000 i 4500
001 1/93655
008 930615s1991 eng d
020 |a 0-87371-124-6 
035 |l 10008908 
040 |a GR-MY-UA  |b gre  |e aacr 
041 0 |a eng 
082 0 |a 628.161 
245 1 0 |a Practical handbook of ground-water monitoring /  |c Edited by David M. Nielsen 
260 |a Chelsea :   |b Lewis ,   |c c1991 
300 |a 717 p.  |b tables; fig. 
504 |a Includes bibliographical references and index 
650 0 0 |a Groundwater  |x Quality  |x Measurement. 
700 1 |a Nielsen, David M.  |4 edt 
852 |a INST  |b LESVOS  |e 19960408  |h 628.161 PRA  |p 005100003627  |q 005100003627  |t BK  |y 0 
852 |a INST  |b LESVOS  |e 19930615  |h 628.161 PRA  |p 005100005680  |q 005100005680  |t BK  |y 0 
909 |a Λ  |b 027581 
950 |a 148-1994-04-11